000 00937nam#a22002895a#4500
003 AR-BeUNQ
005 20240429175052.0
008 051020s2004####ag#######b####001#0#spa#d
020 _a9871105908
040 _aAR-BeUNQ
_bspa
_eaacr
_cAR-BeUNQ
082 0 4 _a508
_221
099 _a24-D26
100 1 _aDe Ambrosio, Martín
245 0 3 _aEl mejor amigo de la ciencia :
_bHistorias con perros y científicos
_cMartín De Ambrosio.
250 _a1a. ed.
260 _aBuenos Aires :
_bSiglo XXI Editores Argentina :
_cc2004.
300 _a110 p. ;
_c19 cm.
490 0 _a"Ciencia que ladra..."
500 _aIncluye referencias e índice.
504 _aBibliografía: p. 103-110.
650 7 _aHistoria de la ciencia
_2Spines
650 7 _aCientíficos
_2Spines
650 7 _aDivulgación científica
_2Spines
650 7 _aAnimales domésticos
_2Spines
929 _aDONACION
_bUNQ
_d0
_e20180223
_j56582
_fPAT0081439
942 _cLIB
_n0
999 _c149
_d149